Cho em gần anh thêm chút nữa Tập truyện ngắn

Đã lưu trong:
Bibliografiske detaljer
Hovedforfatter: Gào
Format: Bog
Sprog:Vietnamese
Udgivet: Hà Nội Hội nhà văn; Công ty sách Bách Việt 2010
Udgivelse:Tái bản lần thứ nhất
Fag:
Tags: Tilføj Tag
Ingen Tags, Vær først til at tagge denne postø!
Thư viện lưu trữ: Trung tâm Học liệu Lê Vũ Hùng, Trường Đại học Đồng Tháp
LEADER 00892aam a22003138a 4500
001 00036080
005 20171026081025.0
008 170117s2010 ||||||viesd
020 # # |c 42000 
041 0 # |a vie 
082 1 4 |a 895.922 34  |b CH400E 
100 1 # |a Gào 
245 0 0 |a Cho em gần anh thêm chút nữa  |c Gào  |b Tập truyện ngắn 
250 # # |a Tái bản lần thứ nhất 
260 # # |a Hà Nội  |b Hội nhà văn; Công ty sách Bách Việt  |c 2010 
300 # # |a 253 tr.  |c 20 cm. 
653 # # |a Việt Nam 
653 # # |a Văn học hiện đại 
653 # # |a Truyện ngắn 
852 # # |b Kho đọc  |j KD.0017698 
852 # # |j KD.0017698 
910 |d 17/01/2017 
980 # # |a Trung tâm Học liệu Lê Vũ Hùng, Trường Đại học Đồng Tháp